00627nam a2200205 u 450000100070000000500170000700800410002403500110006503500210007604000130009704100080011008200080011824501670012626000370029330000180033065000260034865000240037465000110039865000120040912794020260506072706.0970527s1802 fre  a127940 a(OCoLC)777970520 ccomduadb afre 4a35510aCaractere militaire des armees europeennes dans la guerre actuelle avec une parallelle de la politique, de la puissance, et des moyens des romains et des francois aInglaterra :bT. Egerton,c1802. a147 páginas 7aCiencia militar2lemb aEjercito - Colombia aEuropa aFrancia